Statystyki dla TLD państw na świecie

Kliknij tutaj aby rozwiązać quiz!

Ogólne statystyki

  • Ten quiz został rozwiązany 33 razy
  • Średni wynik to 11 z 15

Statystyki odpowiedzi

TLDKraj% Poprawnych
.ukwielka brytania
100%
.czczechy
96%
.plpolska
96%
.rurosja
96%
.rorumunia
89%
.itwłochy
89%
.deniemcy
86%
.huwęgry
86%
.trturcja
75%
.bgbułgaria
68%
.ptportugalia
61%
.qakatar
57%
.cokolumbia
43%
.bdbangladesz
29%
.cmkamerun
21%

Rozkład punktacji

Percentyl według liczby udzielonych odpowiedzi

Procent ludzi z każdym wynikiem

Twoja historia wyników

Nie rozwiązałeś tego quizu